Save Tonight- Song Lyrics Quiz - Statistics

General Stats
  • This quiz has been taken 12 times
  • The average score is 13 of 24
Answer Stats
Hint Answer % Correct
And fight The break of dawn
91%
And fight The break of dawn
91%
Save Tonight
91%
Save Tonight
91%
You and me, and A bottle of wine
82%
Go on and close The curtains
82%
So, take this wine And drink with me
73%
Come tomorrow Tomorrow I'll be gone
73%
Come tomorrow Tomorrow I'll be gone
73%
'Cause all we need Is candlelight
64%
Let's delay Our misery
64%
And it burns Like me for you
45%
There's a Log on the fire
45%
Tomorrow comes with One desire
45%
And how I wish, I wish it Weren't so
45%
To take me Away
36%
Gonna Hold you tonight
36%
Well, we know I'm going away
36%
And, Lord, I wish It wasn't so
36%
'Cause, girl, you know I've got to go
36%
Darling, please Don't start to cry
27%
It ain't Easy to say goodbye
27%
Oh, It's true
27%
Uh, Yeah
27%
No matching quizzes found
Score Distribution
Percent of People with Each Score
Percentile by Number Answered
Your Score History
You have not taken this quiz